=LDR 00000nam 2200000 4500 =001 INLIS000000000006470 =005 20210322073046 =035 ##$$a 0010-061300000006470 =041 ##$$a Ind =082 ##$$a 634.9 =090 ##$$a 634.9, Men b =100 ##$$a Mendes, Chico =245 1#$$a Berjuang menyelamatkan hutan, sebuah kata hati, Chico Mendes /$c Chico Mendes =260 ##$$a Jakarta :$b Yayasan Obor Indonesia,$c 1994 =300 ##$$a xxxvi, 157 hlm., : $b Ilus., ; $c 21 cm =650 #4$$a Konsetrasi Hutan =850 ##$$a NBPNMAT =020 ##$$a 979-461-165-4 =008 210322###########################0###### =084 ##$$a 634.9 MEN b =990 ##$$a DW00021625 =990 ##$$a DW00021626 =990 ##$$a DW00021627 =990 ##$$a DW00021628 =990 ##$$a 75.636/Pro-94